Kenya Population Census 1989 (Record no. 1361)
[ view plain ]
| 000 -LEADER | |
|---|---|
| fixed length control field | 00459nam a22001457a 4500 |
| 008 - FIXED-LENGTH DATA ELEMENTS--GENERAL INFORMATION | |
| fixed length control field | 230619b xxu||||| |||| 00| 0 eng d |
| 082 ## - DEWEY DECIMAL CLASSIFICATION NUMBER | |
| Classification number | 304.67 |
| Item number | MOPND |
| 100 ## - MAIN ENTRY--PERSONAL NAME | |
| Titles and words associated with a name | Office of the Vice president and Ministry of planning and National Development |
| 110 ## - MAIN ENTRY--CORPORATE NAME | |
| Subordinate unit | Central Bureau of Statistics |
| 245 ## - TITLE STATEMENT | |
| Title | Kenya Population Census 1989 |
| Remainder of title | Volume 2 |
| 260 ## - PUBLICATION, DISTRIBUTION, ETC. (IMPRINT) | |
| Place of publication, distribution, etc. | Kenya |
| Name of publisher, distributor, etc. | Central Bureau of Statistics |
| Date of publication, distribution, etc. | 1989 |
| 300 ## - PHYSICAL DESCRIPTION | |
| Extent | 590p |
| 440 ## - SERIES STATEMENT/ADDED ENTRY--TITLE | |
| Volume/sequential designation | Volume 2 |
| 942 ## - ADDED ENTRY ELEMENTS (KOHA) | |
| Source of classification or shelving scheme | Dewey Decimal Classification |
| Koha item type | Books |
| Withdrawn status | Lost status | Source of classification or shelving scheme | Damaged status | Not for loan | Home library | Current library | Date acquired | Total Checkouts | Full call number | Barcode | Date last seen | Price effective from | Koha item type |
|---|---|---|---|---|---|---|---|---|---|---|---|---|---|
| Dewey Decimal Classification | County Hall Archives | County Hall Archives | 06/19/2023 | 304.67 MOPND | 10006464 | 06/19/2023 | 06/19/2023 | Books | |||||
| Dewey Decimal Classification | County Hall Archives | County Hall Archives | 06/19/2023 | 304.67 MOPND | 10003697 | 06/19/2023 | 06/19/2023 | Books | |||||
| Dewey Decimal Classification | County Hall Archives | County Hall Archives | 06/19/2023 | 304.67 MOPND | 10003251 | 06/19/2023 | 06/19/2023 | Books | |||||
| Dewey Decimal Classification | County Hall Archives | County Hall Archives | 06/19/2023 | 304.67 MOPND | 10006465 | 06/19/2023 | 06/19/2023 | Books |
